[Event "Berlin-ch QT"]
[Site "Berlin"]
[Date "2013.04.03"]
[Round "5"]
[White "Kather, Yannick"]
[Black "Haseloff, Harald"]
[Result "1/2-1/2"]
[WhiteElo "1915"]
[BlackElo "2124"]
[PlyCount "54"]
[EventDate "2013.03.30"]
[EventType "swiss"]
[EventRounds "9"]
[EventCountry "GER"]
[SourceTitle "EXT 2023"]
[Source "ChessBase"]
[SourceDate "2022.10.05"]
[SourceVersion "1"]
[SourceVersionDate "2022.10.05"]
[SourceQuality "1"]

1. e4 e5 2. Nf3 Nc6 3. c3 Be7 4. d4 d6 5. Bb5 Bd7 6. Nbd2 Nf6 7. 0-0 0-0 8. Re1 Nxd4 9. Nxd4 exd4 10. Bxd7 dxc3 11. Ba4 cxd2 12. Bxd2 d5 13. exd5 Nxd5 14. Bb3 Bf6 15. Qc2 c6 16. Rad1 Qb6 17. Be3 Nxe3 18. Rxe3 Rad8 19. Rde1 Qd4 20. R1e2 Qd7 21. Qe4 g6 22. g3 Bd4 23. Rf3 Bc5 24. Kg2 b6 25. Rf6 Qd3 26. Qxd3 Rxd3 27. Rxc6 Rd7 1/2-1/2

[Event "Berlin-ch QT"]
[Site "Berlin"]
[Date "2013.03.30"]
[Round "1"]
[White "Haseloff, Harald"]
[Black "Linden, Raimund"]
[Result "1-0"]
[WhiteElo "2124"]
[BlackElo "1744"]
[PlyCount "61"]
[EventDate "2013.03.30"]
[EventType "swiss"]
[EventRounds "9"]
[EventCountry "GER"]
[SourceTitle "EXT 2023"]
[Source "ChessBase"]
[SourceDate "2022.10.05"]
[SourceVersion "1"]
[SourceVersionDate "2022.10.05"]
[SourceQuality "1"]

1. e4 e5 2. Nf3 Nc6 3. c3 d6 4. d4 Bg4 5. Be3 Nf6 6. Be2 Be7 7. d5 Nb8 8. Nfd2 Bxe2 9. Qxe2 0-0 10. c4 c5 11. Nc3 Nbd7 12. a3 a6 13. 0-0 h6 14. b4 b6 15. Rfb1 Rb8 16. Rb3 Qc7 17. Rab1 Kh7 18. f4 exf4 19. Bxf4 Ne5 20. b5 a5 21. Nd1 Ng6 22. Bg3 Nd7 23. Ne3 Nde5 24. Nf5 Bf6 25. Rf1 Ne7 26. Nxh6 Bg5 27. Bxe5 Bxd2 28. Nxf7 dxe5 29. d6 Qd7 30. Qxd2 Ng8 31. Rh3+ 1-0

[Event "Berlin-ch qualification"]
[Site "Berlin-Lichtenrade"]
[Date "2012.04.11"]
[Round "6.3"]
[White "Herrmann, Eberhard"]
[Black "Haseloff, Harald"]
[Result "0-1"]
[WhiteElo "1855"]
[BlackElo "2145"]
[PlyCount "116"]
[EventDate "2012.04.08"]
[EventType "swiss"]
[EventRounds "9"]
[EventCountry "GER"]
[SourceTitle "EXT 2022"]
[Source "ChessBase"]
[SourceDate "2021.10.06"]
[SourceVersion "1"]
[SourceVersionDate "2021.10.06"]
[SourceQuality "1"]

1. e4 e5 2. Nf3 Nc6 3. Bc4 Nf6 4. Nc3 Nxe4 5. Nxe4 d5 6. Bd3 dxe4 7. Bxe4 Bd7 8. d4 exd4 9. Nxd4 Nxd4 10. Qxd4 c6 11. 0-0 Be6 12. Qc3 Qc7 13. Be3 Bd6 14. g3 0-0 15. a3 f5 16. Bg2 f4 17. Bd2 Be5 18. Qd3 Rad8 19. Qe2 f3 20. Bxf3 Rxf3 21. Qxf3 Rxd2 22. Qe3 Qd6 23. Rfe1 Bxb2 24. Rab1 Rxc2 25. Qxe6+ Qxe6 26. Rxe6 b5 27. Re7 Bxa3 28. Rxa7 Bc5 29. Ra8+ Kf7 30. Rf1 Bd4 31. Kg2 b4 32. Kf3 b3 33. Ke4 c5 34. Rb8 b2 35. Rb1 Rxf2 36. h4 Re2+ 37. Kd5 Rg2 38. h5 Kf6 39. Rb7 Kg5 40. h6 Kxh6 41. Rh1+ Kg6 42. Rb6+ Kg5 43. Rb3 h6 44. Ke4 Re2+ 45. Kf3 Re7 46. Rh4 Rd7 47. Rb5 Kg6 48. Rg4+ Kh7 49. Ke2 Ra7 50. Re4 Ra1 51. Rxd4 cxd4 52. Rxb2 Ra6 53. Rb4 Rd6 54. Rb3 Kg6 55. Rb5 Kf6 56. Kd3 g5 57. g4 Kg6 58. Rb4 h5 0-1

[Event "Berlin-ch qualification"]
[Site "Berlin-Lichtenrade"]
[Date "2012.04.10"]
[Round "5.3"]
[White "Haseloff, Harald"]
[Black "Schilling, Hans"]
[Result "1-0"]
[WhiteElo "2145"]
[BlackElo "1820"]
[PlyCount "65"]
[EventDate "2012.04.08"]
[EventType "swiss"]
[EventRounds "9"]
[EventCountry "GER"]
[SourceTitle "EXT 2022"]
[Source "ChessBase"]
[SourceDate "2021.10.06"]
[SourceVersion "1"]
[SourceVersionDate "2021.10.06"]
[SourceQuality "1"]

1. e4 e6 2. d4 d5 3. Nd2 dxe4 4. Nxe4 Nd7 5. Bd3 Ngf6 6. Ne2 b6 7. 0-0 Bb7 8. f3 Be7 9. Be3 0-0 10. c4 c5 11. Nxf6+ Bxf6 12. Qc2 g6 13. Rad1 Qe7 14. Rfe1 cxd4 15. Nxd4 Ne5 16. Bf1 Nc6 17. Nxc6 Bxc6 18. c5 Rfc8 19. b4 Qc7 20. b5 Bd5 21. c6 a6 22. a4 axb5 23. Bxb5 Be5 24. Rc1 f5 25. h3 Bf4 26. Qd2 Bh2+ 27. Kh1 Be5 28. Bxb6 Qxb6 29. Rxe5 Kg7 30. Re3 h6 31. Rec3 Rc7 32. Rc5 g5 33. Qd4+ 1-0

[Event "Berlin op 10"]
[Site "Berlin"]
[Date "2005.11.24"]
[Round "7"]
[White "Reichenbach, Werner"]
[Black "Haseloff, Harald"]
[Result "1-0"]
[WhiteElo "2281"]
[BlackElo "1956"]
[PlyCount "59"]
[EventDate "2005.10.13"]
[EventType "swiss"]
[EventRounds "7"]
[EventCountry "GER"]
[SourceTitle "EXT 2007"]
[Source "ChessBase"]
[SourceDate "2006.11.23"]
[SourceVersion "1"]
[SourceVersionDate "2006.11.23"]
[SourceQuality "1"]

1. d4 d6 2. c4 e5 3. Nf3 exd4 4. Nxd4 g6 5. Nc3 Bg7 6. e4 Ne7 7. Be2 Nbc6 8. Be3 0-0 9. Qd2 Nxd4 10. Bxd4 h6 11. 0-0-0 Bxd4 12. Qxd4 Nc6 13. Qe3 Kh7 14. f4 f5 15. exf5 Bxf5 16. g4 Re8 17. Qf2 Be6 18. h4 Rf8 19. Qg3 Qd7 20. Rdf1 Nd4 21. Bd3 Bxg4 22. h5 Bf5 23. hxg6+ Kg7 24. Rxh6 Rh8 25. Rh7+ Rxh7 26. gxh7+ Kh8 27. Rg1 Qf7 28. Bxf5 Nxf5 29. Qg5 Rf8 30. Nd5 1-0

[Event "Berlin op 10"]
[Site "Berlin"]
[Date "2005.11.17"]
[Round "6"]
[White "Haseloff, Harald"]
[Black "Schubert, Johann Georg"]
[Result "1-0"]
[WhiteElo "1956"]
[BlackElo "1817"]
[PlyCount "100"]
[EventDate "2005.10.13"]
[EventType "swiss"]
[EventRounds "7"]
[EventCountry "GER"]
[SourceTitle "EXT 2007"]
[Source "ChessBase"]
[SourceDate "2006.11.23"]
[SourceVersion "1"]
[SourceVersionDate "2006.11.23"]
[SourceQuality "1"]

1. e4 e6 2. f4 d5 3. e5 c5 4. c3 Nc6 5. Nf3 Nh6 6. d4 Qb6 7. Bd3 cxd4 8. cxd4 Bd7 9. Be3 Qxb2 10. Nbd2 Qc3 11. Ke2 Nb4 12. Nb3 Ng4 13. Ne1 Nxd3 14. Qxd3 Qxd3+ 15. Nxd3 Rc8 16. Bd2 Ba3 17. h3 Nh6 18. Bb4 Bxb4 19. Nxb4 Nf5 20. Rhc1 0-0 21. g4 Ng3+ 22. Ke3 b6 23. Nd2 a5 24. Nd3 Bb5 25. Rab1 Rxc1 26. Nxc1 Nf1+ 27. Nxf1 Bxf1 28. Rxb6 Bxh3 29. g5 Bf1 30. Nb3 Bc4 31. Nxa5 Bxa2 32. Rb2 Bc4 33. Nxc4 dxc4 34. Kd2 h5 35. gxh6 gxh6 36. Kc3 Rc8 37. f5 Rc7 38. Rf2 exf5 39. Rxf5 Kg7 40. d5 Kg6 41. d6 Rc8 42. Rf4 h5 43. Rxc4 Rd8 44. Rf4 h4 45. Rxh4 Kf5 46. Kd4 Ra8 47. Kd5 Ra5+ 48. Kc6 Ke6 49. Rh6+ Kxe5 50. Rh5+ f5 1-0

[Event "Berlin op 09"]
[Site "Berlin"]
[Date "2004.10.11"]
[Round "6"]
[White "Korell, Klaus Peter"]
[Black "Haseloff, Harald"]
[Result "0-1"]
[WhiteElo "1807"]
[BlackElo "1985"]
[PlyCount "54"]
[EventDate "2004.09.06"]
[EventType "swiss"]
[EventRounds "7"]
[EventCountry "GER"]
[SourceTitle "EXT 2007"]
[Source "ChessBase"]
[SourceDate "2006.11.23"]
[SourceVersion "1"]
[SourceVersionDate "2006.11.23"]
[SourceQuality "1"]

1. Nf3 c5 2. c3 Nc6 3. d4 e6 4. a3 d5 5. Bf4 a6 6. e3 Nf6 7. Bd3 c4 8. Bc2 Be7 9. Ne5 Qb6 10. Qc1 Nh5 11. Nd2 Nxf4 12. exf4 f6 13. Nef3 Bd7 14. Qb1 g6 15. h4 f5 16. g3 h6 17. g4 0-0-0 18. Ne5 Rdg8 19. Ndf3 fxg4 20. Nxd7 Kxd7 21. Ne5+ Nxe5 22. fxe5 Qd8 23. Bxg6 Bxh4 24. Qc2 Qg5 25. Bf7 Rf8 26. Rxh4 Qxh4 27. Qg6 Qe7 0-1

[Event "Berlin Neukoelln op 7th"]
[Site "Berlin"]
[Date "2001.06.15"]
[Round "6"]
[White "Kampf, Guenther"]
[Black "Haseloff, Harald"]
[Result "1-0"]
[WhiteElo "2055"]
[BlackElo "1910"]
[PlyCount "53"]
[EventDate "2001.05.11"]
[EventType "swiss"]
[EventRounds "7"]
[EventCountry "GER"]
[SourceTitle "EXT 2022"]
[Source "ChessBase"]
[SourceDate "2021.10.06"]
[SourceVersion "1"]
[SourceVersionDate "2021.10.06"]
[SourceQuality "1"]

1. e4 e5 2. Nf3 Nc6 3. Bb5 Nf6 4. 0-0 Nxe4 5. d4 Nd6 6. Bxc6 bxc6 7. dxe5 Nf5 8. Nd4 Nxd4 9. Qxd4 Be7 10. Nd2 0-0 11. Nb3 d6 12. Bf4 Bf5 13. exd6 cxd6 14. c3 Qd7 15. Rad1 Rfd8 16. Qa4 Qb7 17. Rd2 c5 18. Rfd1 Qb6 19. Na5 Bd7 20. Qe4 Bf8 21. Nc4 Qa6 22. Bxd6 Re8 23. Qf4 Be6 24. Bxf8 Bxc4 25. Bxc5 Bxa2 26. Qf3 Bb3 27. Qxa8 1-0

[Event "Kreuzberg 2000"]
[Site "Berlin"]
[Date "2000.07.30"]
[Round "9"]
[White "Haseloff, Harald"]
[Black "Boewer, Roland"]
[Result "0-1"]
[WhiteElo "2021"]
[BlackElo "2241"]
[PlyCount "152"]
[EventDate "2000.07.??"]
[EventType "swiss"]
[EventRounds "9"]
[EventCountry "GER"]
[SourceTitle "EXT 2001"]
[Source "ChessBase"]
[SourceDate "2000.11.22"]
[SourceVersion "1"]
[SourceVersionDate "2000.11.22"]
[SourceQuality "1"]

1. e4 c5 2. c4 Nc6 3. g3 g6 4. Bg2 Bg7 5. Ne2 d6 6. Nbc3 e6 7. a3 Nge7 8. Rb1 0-0 9. b4 Nd4 10. 0-0 Nec6 11. d3 a6 12. Be3 Rb8 13. f4 b6 14. h3 Bd7 15. Qd2 Nxe2+ 16. Nxe2 Nd4 17. Kh2 Bc6 18. Nxd4 cxd4 19. Bg1 e5 20. f5 Qe7 21. Qa2 Kh8 22. a4 Ra8 23. Qf2 f6 24. b5 axb5 25. axb5 Bd7 26. g4 Ra3 27. Rfd1 Bh6 28. Qc2 Rfa8 29. Rb3 Qd8 30. Rdb1 Qc7 31. Bf2 Qa7 32. Rxa3 Qxa3 33. Be1 Qa2 34. Rb2 Qa4 35. Qf2 Qd1 36. Qe2 Qxe2 37. Rxe2 Ra1 38. Bg3 Kg8 39. Re1 Ra2 40. Rd1 Be3 41. Kh1 h5 42. Bf3 hxg4 43. hxg4 Kg7 44. Be1 gxf5 45. exf5 Kh6 46. Bh4 Bg5 47. Be1 Bf4 48. Bb4 Kg5 49. Re1 Bd2 50. Bxd2+ Rxd2 51. Be4 Kxg4 52. Rg1+ Kh3 53. Bg2+ Kh4 54. Be4 Rf2 55. Rg7 Bxf5 56. Kg1 Rf4 57. Bxf5 Rxf5 58. Rd7 Rf3 59. Rxd6 Rxd3 60. Rxb6 Rc3 61. Rxf6 Rxc4 62. Re6 Rb4 63. b6 Kg3 64. Kf1 Kf3 65. Rxe5 Rb1+ 66. Re1 Rxb6 67. Rd1 Ke3 68. Ra1 Rh6 69. Ra8 d3 70. Re8+ Kd2 71. Rf8 Kd1 72. Kf2 Re6 73. Rd8 d2 74. Rb8 Rc6 75. Ra8 Kc1 76. Ra1+ Kb2 0-1

[Event "Kreuzberg 2000"]
[Site "Berlin"]
[Date "2000.07.27"]
[Round "6"]
[White "Haseloff, Harald"]
[Black "Lohse, Steffen"]
[Result "1-0"]
[WhiteElo "2021"]
[BlackElo "1689"]
[PlyCount "43"]
[EventDate "2000.07.??"]
[EventType "swiss"]
[EventRounds "9"]
[EventCountry "GER"]
[SourceTitle "EXT 2001"]
[Source "ChessBase"]
[SourceDate "2000.11.22"]
[SourceVersion "1"]
[SourceVersionDate "2000.11.22"]
[SourceQuality "1"]

1. e4 d5 2. exd5 Qxd5 3. c4 Qa5 4. Nc3 c6 5. d4 Nf6 6. Bd3 Bf5 7. Nge2 Bxd3 8. Qxd3 e6 9. 0-0 Be7 10. Bf4 Nbd7 11. Rad1 0-0 12. a3 Nh5 13. d5 Nxf4 14. Nxf4 exd5 15. cxd5 Ne5 16. Qe4 Bf6 17. Nh5 Rfe8 18. Nxf6+ gxf6 19. Qf5 cxd5 20. Nxd5 Re6 21. f4 Ng6 22. Nxf6+ 1-0

[Event "Kreuzberg 2000"]
[Site "Berlin"]
[Date "2000.07.25"]
[Round "4"]
[White "Haseloff, Harald"]
[Black "Lorenz, Sascha"]
[Result "0-1"]
[WhiteElo "2021"]
[BlackElo "2298"]
[PlyCount "78"]
[EventDate "2000.07.??"]
[EventType "swiss"]
[EventRounds "9"]
[EventCountry "GER"]
[SourceTitle "EXT 2001"]
[Source "ChessBase"]
[SourceDate "2000.11.22"]
[SourceVersion "1"]
[SourceVersionDate "2000.11.22"]
[SourceQuality "1"]

1. g3 e5 2. Bg2 Nc6 3. c4 g6 4. e3 Bg7 5. Ne2 h5 6. d4 h4 7. d5 h3 8. Bf3 Nb8 9. Nec3 d6 10. e4 Nd7 11. Be3 f5 12. exf5 gxf5 13. Bh5+ Kf8 14. f4 e4 15. Be2 Ndf6 16. Nd2 c5 17. dxc6 bxc6 18. Qc2 Nh6 19. Rf1 Qc7 20. 0-0-0 Kf7 21. Nb3 Rd8 22. Rd2 Kg8 23. Rfd1 Be6 24. Bf1 Nfg4 25. Re1 Nxe3 26. Rxe3 d5 27. cxd5 cxd5 28. Nb5 Qb6 29. N5d4 a5 30. a4 Rac8 31. Rc3 Rxc3 32. bxc3 Bd7 33. Nb5 Bxb5 34. Bxb5 Rc8 35. Nd4 Bxd4 36. Rxd4 Qxd4 37. cxd4 Rxc2+ 38. Kxc2 Ng4 39. Kd1 Nxh2 0-1

[Event "Kreuzberg 2000"]
[Site "Berlin"]
[Date "2000.07.23"]
[Round "2"]
[White "Haseloff, Harald"]
[Black "Knopf, Roland"]
[Result "0-1"]
[WhiteElo "2021"]
[BlackElo "1744"]
[PlyCount "70"]
[EventDate "2000.07.??"]
[EventType "swiss"]
[EventRounds "9"]
[EventCountry "GER"]
[SourceTitle "EXT 2001"]
[Source "ChessBase"]
[SourceDate "2000.11.22"]
[SourceVersion "1"]
[SourceVersionDate "2000.11.22"]
[SourceQuality "1"]

1. e4 g6 2. c4 Bg7 3. g3 d6 4. Ne2 Nf6 5. Bg2 0-0 6. Nbc3 e5 7. d4 Nc6 8. d5 Ne7 9. 0-0 h6 10. h3 Bd7 11. f4 exf4 12. Bxf4 g5 13. Be3 Ng6 14. Nd4 g4 15. h4 Qe7 16. Qd2 Kh7 17. b3 Nh5 18. Nce2 Rae8 19. Rae1 f5 20. exf5 Nxh4 21. Ne6 Bxe6 22. fxe6 Nf3+ 23. Bxf3 gxf3 24. Nf4 Nxg3 25. Qd3+ Kg8 26. Ng6 Qf6 27. Nxf8 Rxf8 28. e7 Qxe7 29. Rf2 Qh4 30. Rh2 Qg4 31. Bf2 Ne4+ 32. Kh1 Nxf2+ 33. Rxf2 Qh4+ 34. Kg1 Bd4 35. Re3 Qg5+ 0-1